00604nam a2200205Ia 4500008004100000020002000041040001400061082002100075100001900096245003800115260003600153300001100189365002800200366000800228505002200236530003000258620003400288630003800322730003800360100315s9999 xx 000 0 und d a9788187111498  cENGLISH  b7819 a336.24  a"Mehta, N.V. " aIncome Tax Ready Reckoner 2003-04 aMUMBAI bShri Kuber  c2004  a352   eRupees d1 b360.00  f0  gVaibhav Gaikwad  bDonated By RBI Library   a"Income Tax , Advance Tax, " aIncome Tax Ready Reckoner 2003-04 aIncome Tax Ready Reckoner 2003-04